Greek Gods in Pig Latin - Statistics

General Stats
  • This quiz has been taken 31 times
  • The average score is 11 of 15
Answer Stats
Hint Answer % Correct
Demeter Emeterday
100%
Hera Erahay
100%
Poseidon Oseidonpay
100%
Zeus Euszay
97%
Hades Adeshay
80%
Hephaestus Ephaestushay
80%
Hermes Ermeshay
80%
Hestia Estiahay
80%
Dionysus Ionysusday
80%
Chronos Onoschray
57%
Aphrodite Aphroditeway
47%
Apollo Apolloway
47%
Ares Aresway
47%
Artemis Artemisway
47%
Athena Athenaway
47%
No matching quizzes found
Score Distribution
Percent of People with Each Score
Percentile by Number Answered
Your Score History
You have not taken this quiz